|
|
|
|
| LEADER |
00000nab a2200000 ar4500 |
| 001 |
vtls011842518 |
| 003 |
SK-MaSNL |
| 005 |
20260303095348.0 |
| 008 |
190222c 2017xo mr|p|||||||000 b|slo |
| 038 |
|
|
|a SNSK
|
| 040 |
|
|
|a SNSK
|b slo
|e rda
|c SK
|
| 041 |
|
|
|a slo
|
| 043 |
|
|
|a e-xo- - -
|
| 044 |
|
|
|a xo
|c SK
|
| 080 |
|
|
|a 727
|2 2011
|
| 080 |
|
|
|a 069
|x (091)
|2 2011
|
| 245 |
0 |
0 |
|a Galéria Spiša jubiluje, k 30-ke chystá kontajner spomienok
|c [autor] (map)
|
| 300 |
|
|
|b Fotografie
|
| 610 |
2 |
7 |
|a Galéria umelcov Spiša (Spišská Nová Ves, Slovensko)
|2 snsk
|9 30275
|
| 648 |
|
7 |
|a 1987
|2 snsk
|9 280189
|
| 650 |
0 |
7 |
|a 30. výročie otvorenia
|2 snsk
|9 1091352
|
| 650 |
0 |
7 |
|a dejiny
|2 snsk
|9 3825
|
| 651 |
|
7 |
|a Spišská Nová Ves (Slovensko)
|2 snsk
|9 28800
|
| 773 |
0 |
|
|t My : noviny Spiša
|g Roč. 3, č. 31 (8.8. - 14.8.2017), s. 6
|x 1339-9535
|
| 852 |
|
|
|a SNSK
|b KIS3GCP
|
| 999 |
|
|
|c 1824834
|d 1826764
|